Elogio de la tutoría : una experiencia pedagógica de promoción y acompañamiento del aprendizaje en el posgrado /

Detalles Bibliográficos
Autores principales: Prieto Castillo, Daniel (Autor), Guevara Toledo, Carlos (Autor), Célleri Gomezcoello, Ambar (Autor)
Formato: Electrónico eBook
Lenguaje:español
Publicado: Cuenca, Ecuador : Universidad del Azuay, [2022]
Colección:Homo (Universidad del Azuay, Casa Editora)
Materias:
Acceso en línea:Digitalia Hispánica

MARC

LEADER 00000nam a2200000 i 4500
001 DIGUAZUAY0161
003 NyNyDIG
007 cr |||||||||||
008 251211s2022 ec ob 000 0 spa d
006 m o d
035 |a (OCoLC)1439004297 
040 |a DGITA  |b eng  |e rda  |e pn  |c DGITA 
020 |a 9789942847485  |q eBook 
020 |z 9789942847478 
043 |a s-ec--- 
050 1 4 |a LC41 ebook 
100 1 |a Prieto Castillo, Daniel,  |e author. 
245 1 0 |a Elogio de la tutoría :  |b una experiencia pedagógica de promoción y acompañamiento del aprendizaje en el posgrado /  |c Daniel Prieto Castillo, Carlos Guevara Toledo, Ambar Célleri Gomezcoello. 
264 1 |a Cuenca, Ecuador :  |b Universidad del Azuay,  |c [2022] 
300 |a 1 online resource. 
336 |a text  |b txt  |2 rdacontent 
337 |a computer  |b c  |2 rdamedia 
338 |a online resource  |b cr  |2 rdacarrier 
347 |a text file  |2 rdaft 
347 |b PDF 
490 1 |a Homo 
504 |a Includes bibliographical references. 
588 0 |a Online resource; title from PDF title page (Digitalia, viewed December 11, 2025) 
650 0 |a Tutors and tutoring. 
650 0 |a College teaching. 
650 0 |a Education  |x Study and teaching (Higher)  |z Ecuador. 
700 1 |a Guevara Toledo, Carlos,  |e author. 
700 1 |a Célleri Gomezcoello, Ambar,  |e author. 
791 2 |a Digitalia (Firm),  |e distributor. 
793 0 |g Digitalia eBook Collection:  |a Universidad del Azuay 
776 0 8 |i Print version:  |a Prieto Castillo, Daniel.  |t Elogio de la tutoría.  |d Cuenca, Ecuador : Universidad del Azuay, [2022]  |z 9789942847478 
830 0 |a Homo (Universidad del Azuay, Casa Editora) 
856 4 0 |3 Digitalia Hispánica  |u https://www.digitaliapublishing.com/a/133546/ 
910 |a Premium collection: 2025